|
|
|
|
| LEADER |
01076cam a2200289 a 4500 |
| 001 |
c000089920 |
| 003 |
CARM |
| 005 |
19980723000000.0 |
| 008 |
880511s1882 enkac 000 0 eng d |
| 019 |
1 |
|
|a 5773404
|z 11874418
|5 LACONCORD2021
|
| 035 |
|
|
|a (OCoLC)4902189
|5 LACONCORD2021
|
| 040 |
|
|
|a ANL
|b eng
|c ANL
|d NSL:D
|
| 043 |
|
|
|a nz-----
|a ps-----
|
| 082 |
0 |
4 |
|a 919
|
| 100 |
1 |
|
|a Francis, B.
|
| 245 |
1 |
4 |
|a The isles of the Pacific, or, Sketches from the South Seas /
|c by B. Francis.
|
| 246 |
3 |
0 |
|a Sketches from the South Seas
|
| 260 |
|
|
|a London :
|b Cassell,
|c [1882]
|
| 300 |
|
|
|a 224 p. :
|b ill., ports. ;
|c 19 cm.
|
| 490 |
0 |
|
|a World in pictures
|
| 650 |
|
0 |
|a Ethnology
|z Pacific Ocean Region.
|
| 650 |
|
0 |
|a Missionaries
|z New Zealand.
|
| 651 |
|
0 |
|a New Zealand
|x Description and travel.
|
| 651 |
|
0 |
|a Oceania
|x Description and travel.
|
| 852 |
8 |
|
|b CARM
|h A2:AF31G0
|i A00022
|p 0067955
|f BK
|
| 999 |
f |
f |
|i 801c1bf5-1db8-5368-8200-9b947719d49b
|s d4b6e4d8-5580-5cab-b209-5fe197324274
|
| 952 |
f |
f |
|p Can circulate
|a CAVAL
|b CAVAL
|c CAVAL
|d CARM 1 Store
|e A00022
|f A2:AF31G0
|h Other scheme
|i book
|m 0067955
|